00527nam a2200157Ia 4500008004100000041000800041082001600049100001700065245004500082250001400127260004200141300003400183365000900217999001700226952012600243240624s9999 xx 000 0 und d aeng a658.421 ABR aABRAMS JAY B aQUANTITATIVE BUSINESS VALUATION A MATHEM a(2nd ed.) c2010aNew JerseybJohn Wiley and Sons axxviii, : 636 : p. : cm. ; 25 cb27 c16910d16910 00104070aIMTNbIMTNcRack 29-Bd2011-03-28eBWEg149.95o658.421 ABRp16910r2025-02-21 00:00:00t47.9w2024-06-24yBK